Puisi-puisi ASEAN : Antologi puisi penerima S.E.A. wtite award 1979-1995
| Format: | Book |
|---|---|
| Published: |
Kuala Lumpur :
Dewan Bahasa Dan Pustaka ,
2000
|
| Subjects: |
MARC
| LEADER | 00000cam a2200000 7i4500 | ||
|---|---|---|---|
| 001 | 0000044125 | ||
| 005 | 20010514.0 | ||
| 020 | |a 9836269398 | ||
| 090 | 0 | 0 | |a 808.8100959 |b PUI |
| 245 | 0 | 0 | |a Puisi-puisi ASEAN : |b Antologi puisi penerima S.E.A. wtite award 1979-1995 |
| 260 | |a Kuala Lumpur : |b Dewan Bahasa Dan Pustaka , |c 2000 | ||
| 300 | |a 465p. ; |c 21cm. | ||
| 650 | 0 | 0 | |a Poetry |x Collections |
| 999 | |a 00102502 |b BUKU |c PINJAMAN |e PERPUSTAKAAN KOMUNITI PETALING JAYA | ||
| 999 | |a 00102503 |b BUKU |c PINJAMAN |e PERPUSTAKAAN KOMUNITI PETALING JAYA | ||